Financial reporting (International stream) [ACCA textbook, paper 2.5, part-2] (Record no. 22750)
[ view plain ]
| 000 -LEADER | |
|---|---|
| fixed length control field | 00483nam a2200181Ia 4500 |
| 001 - CONTROL NUMBER | |
| control field | 22494 |
| 003 - CONTROL NUMBER IDENTIFIER | |
| control field | OSt |
| 005 - DATE AND TIME OF LATEST TRANSACTION | |
| control field | 20190404123558.0 |
| 008 - FIXED-LENGTH DATA ELEMENTS--GENERAL INFORMATION | |
| fixed length control field | 140409s9999 xx 000 0 und d |
| 020 ## - INTERNATIONAL STANDARD BOOK NUMBER | |
| International Standard Book Number | 0-7483-43903 |
| 040 ## - CATALOGING SOURCE | |
| Transcribing agency | PK-LaUMT |
| 082 ## - DEWEY DECIMAL CLASSIFICATION NUMBER | |
| Classification number | 657.3 |
| Item number | ACCA-P2.5 |
| 245 ## - TITLE STATEMENT | |
| Title | Financial reporting (International stream) [ACCA textbook, paper 2.5, part-2] |
| 260 ## - PUBLICATION, DISTRIBUTION, ETC. (IMPRINT) | |
| Place of publication, distribution, etc | Middlesex,UK: |
| Name of publisher, distributor, etc | Foulks Lynch Ltd., |
| Date of publication, distribution, etc | 2001 |
| 300 ## - PHYSICAL DESCRIPTION | |
| Extent | 411 p. |
| 546 ## - LANGUAGE NOTE | |
| Language note | EN |
| 942 ## - ADDED ENTRY ELEMENTS (KOHA) | |
| Koha item type | Permanently weeded out collection |
| Source of classification or shelving scheme | Dewey Decimal Classification |
| Withdrawn status | Lost status | Damaged status | Not for loan | Home library | Current library | Date acquired | Total Checkouts | Full call number | Barcode | Date last seen | Price effective from | Koha item type |
|---|---|---|---|---|---|---|---|---|---|---|---|---|
| UMT Main Campus | UMT Main Campus | 2014-04-09 | 657.3 ACCA-P2.5 | 25276 | 2014-04-23 | 2014-04-23 | Books |
